quiz AIB - Statistiques

Statistiques générales
  • Ce quiz a été pris 23 fois
  • Le résultat moyen est 13 sur 16
Statistiques - réponses
Par images Réponse % Correct
Ann
100%
Kuina
100%
Usagi
95%
Arisu
90%
Mira / Reine de cœur
90%
Chischiya
86%
Niragi
81%
Tatta
81%
Aguni
76%
Chota
76%
Karube
76%
Kyuma / Roi de trèfle
67%
Shibuki
67%
Boshiya / Le chapelier
62%
Kuina / Ann
62%
Arisu / Usagi
57%
Aucun quiz correspondant
Distribution des résultats
% des personnes avec chaque résultat
Percentile par nombre de réponses
Votre historique - résultats
Vous n’avez pas pris ce quiz